Effectif du RC Toulon - Saison 2024-2025 - Statistiques

Statistiques générales
  • Ce quiz a été pris 195 fois
    72 depuis la dernière actualisation
  • Le résultat moyen est 26 sur 44
Statistiques - réponses
Postes Joueurs Nationalité Points % Correct
demi de mêlée Baptiste Serin France 96
98%
arrière Melvyn Jaminet France 9
92%
3ème ligne Charles Ollivon France -
90%
ailier Gabin Villière France 15
90%
Pilier Jean-Baptiste Gros France 5
90%
demi de mêlée Ben White Ecosse -
86%
Pilier Dany Priso France 15
86%
demi d'ouverture Paolo Garbisi Italie 20
86%
ailier Gaël Dréan France 55
84%
demi d'ouverture Dan Biggar Pays de galle 6
82%
arrière Marius Domon France 8
82%
2ème ligne David Ribbans Angleterre 5
78%
demi d'ouverture Enzo Hervé France 99
76%
Pilier Kyle Sinckler Angleterre 5
76%
Pilier Beka Gigashvili Géorgie 5
73%
3ème ligne Facundo Isa Argentine 15
71%
centre Jeremy Sinzelle France 5
71%
Talonneur Teddy Baubigny France 15
67%
3ème ligne Esteban Abadie France 5
65%
3ème ligne Lewis Ludlam Angleterre 5
61%
2ème ligne Swan Rebbadj France -
61%
ailier Juita Wainiqolo Fidji 20
59%
centre Rayan Rebbadj France -
59%
2ème ligne Matthias Halagahu France -
57%
ailier Leicester Fainga'anuku Nouvelle-zélande 10
55%
centre Antoine Frisch France -
53%
Talonneur Gianmarco Lucchesi Italie 15
53%
Talonneur Mickaël Ivaldi France -
49%
centre Setariki Tuicuvu Fidji 20
47%
Pilier Emerick Setiano France -
45%
demi de mêlée Jules Danglot France 5
45%
2ème ligne Brian Alainu'uese Samoa 5
43%
Pilier Daniel Brennan France -
43%
3ème ligne Jules Coulon France -
43%
3ème ligne Mattéo Le Corvec France 15
43%
centre Mathieu Smaïli France 5
39%
3ème ligne Selevasio Tolofua France -
37%
3ème ligne Joe Quere Karaba France -
31%
centre Duncan Paia'aua Samoa -
27%
Pilier Corentin Mézou France -
24%
ailier oliver Cowie France -
22%
Pilier Pierre Damond France -
18%
Pilier Davit Mtchedlidze Géorgie -
4%
3ème ligne Yannick Youyoutte France -
2%
Aucun quiz correspondant
Distribution des résultats
% des personnes avec chaque résultat
Percentile par nombre de réponses
Votre historique - résultats
Vous n’avez pas pris ce quiz depuis la dernière actualisation